000 00801nam a2200265Ia 4500
003 OSt
005 20220925215140.0
006 a|||||r|||| 00| 0
007 ta
008 220923b |||||||| |||| 00| 0 eng d
020 _a3718650878
037 _cGeneral Book
040 _aRTL
_cRTL
_beng
041 _2eng
_aeng
082 _aW:(B2892), N1
100 _aBanks Jeffrey S
_917749
245 0 _aSignaling games in political science Ed by J Ferej
260 _aLondon
_bHarwood
_c1991
300 _aviii,90p
_ccm.
490 _aFundamentals of Pure and Applied Economics: Political Science and Economics Section, 46
500 _aBibliography: p 86-89
650 _aImperialism
942 _hW:(B2892), N1
_cGB
_2CC
999 _c568013
_d568013